| 000 | 00854nam a2200217 a 4500 | ||
|---|---|---|---|
| 005 | 20240511063703.0 | ||
| 008 | 991125s1994 mx 000 0 spa u | ||
| 020 | _a9706073612 | ||
| 035 | _aUPN01000010028 | ||
| 049 | _aLT | ||
| 050 | 4 |
_aLB1555 M6.4 _bV5.4 1994 LE |
|
| 100 | 1 |
_aVidales Delgado, Ismael, _d1943- _929623 |
|
| 245 | 1 | 0 |
_aComplemento Larousse : _bauxiliar didáctico para cuarto grado de primaria de acuerdo con el programa oficial : libro del alumno _blibro del alumno / _cIsmael Vidales Delgado |
| 260 |
_aMéxico : _bLarousse, _c1994. |
||
| 300 |
_a382 p. : _bil. |
||
| 500 | _a"Programa 94-95 regreso a clases" | ||
| 650 | 4 |
_aCiencias naturales _xEstudio y enseñanza (Elemental) _92812 |
|
| 650 | 4 |
_aEspañol _xEstudio y enseñanza (Elemental) _92806 |
|
| 650 | 4 |
_aMatemáticas _xEstudio y enseñanza (Elemental) _92809 |
|
| 905 | _aLibro | ||
| 999 |
_c10028 _d10028 |
||